Ultimate Food (Record no. 155229)
[ view plain ]
| 000 -LEADER | |
|---|---|
| fixed length control field | 00558nam a22002057a 4500 |
| 003 - CONTROL NUMBER IDENTIFIER | |
| control field | dpl |
| 005 - DATE AND TIME OF LATEST TRANSACTION | |
| control field | 20180801113056.0 |
| 008 - FIXED-LENGTH DATA ELEMENTS--GENERAL INFORMATION | |
| fixed length control field | 180801b xxu||||| |||| 00| 0 eng d |
| 020 ## - INTERNATIONAL STANDARD BOOK NUMBER | |
| Terms of availability | 195.00 |
| 035 ## - SYSTEM CONTROL NUMBER | |
| System control number | B-225132 |
| 040 ## - CATALOGING SOURCE | |
| Original cataloging agency | DPL |
| Language of cataloging | EN |
| Transcribing agency | 0 |
| 082 ## - DEWEY DECIMAL CLASSIFICATION NUMBER | |
| Classification number | 641.3 |
| 100 ## - MAIN ENTRY--PERSONAL NAME | |
| Personal name | Podder,Tanushree |
| 245 ## - TITLE STATEMENT | |
| Title | Ultimate Food |
| Remainder of title | for body,mind and soul/ |
| Statement of responsibility, etc | Tanushree Podder |
| 260 ## - PUBLICATION, DISTRIBUTION, ETC. (IMPRINT) | |
| Place of publication, distribution, etc | Delhi |
| Name of publisher, distributor, etc | UBSPD PVT.Ltd. |
| Date of publication, distribution, etc | 2006 |
| 300 ## - PHYSICAL DESCRIPTION | |
| Extent | vii;292; |
| Dimensions | 22cm |
| 500 ## - GENERAL NOTE | |
| General note | Inculds Epilogue |
| 700 ## - ADDED ENTRY--PERSONAL NAME | |
| Personal name | Pooder Tanushree |
| 942 ## - ADDED ENTRY ELEMENTS (KOHA) | |
| Source of classification or shelving scheme | Dewey Decimal Classification |
| Koha item type | English Books |
| Classification part | 641.3 |
| Call number suffix | POD |
| Withdrawn status | Lost status | Source of classification or shelving scheme | Damaged status | Not for loan | Collection code | Home library | Current library | Date acquired | Source of acquisition | Cost, normal purchase price | Total Checkouts | Total Renewals | Full call number | Barcode | Date last seen | Date checked out | Cost, replacement price | Price effective from | Koha item type |
|---|---|---|---|---|---|---|---|---|---|---|---|---|---|---|---|---|---|---|---|
| Dewey Decimal Classification | Non-fiction | Tri Nagar | Tri Nagar | 01/08/2018 | BPPD/PUB | 195.00 | 3 | 4 | 641.3 POD | B-225132 | 27/10/2018 | 29/09/2018 | 195.00 | 01/08/2018 | English Books | ||||
| Dewey Decimal Classification | Non-fiction | Yojana Vihar | Yojana Vihar | 25/09/2019 | BPPD/PUB | 195.00 | 27 | 50 | 641.3 POD | B-225143 | 17/04/2023 | 06/03/2023 | 195.00 | 25/09/2019 | English Books |
